Gaming Quiz

Random Gaming or Pokémon Quiz

Pokemon Gym Leaders Quiz Stats

 Plays Quiz not verified by Sporcle

Also try: Video Game Themes
Challenge
Share
Tweet
Embed
Score 0/35 Timer 05:00
0 Plays Today
City Leader % Correct
Fuchsia CityKoga
96.4%
Pewter CityBrock
94.6%
Vermilion CityLt. Surge
94.6%
Cerulean CityMisty
92.9%
Celadon CityErika
92.9%
Saffron CitySabrina
92.9%
Cinnabar IslandBlaine
92.9%
Viridian CityGiovanni
92.9%
Viridian City (2nd Gen)Blue
89.3%
Azalea TownBugsy
85.7%
Violet CityFalkner
83.9%
Goldenrod CityWhitney
82.1%
Ecruteak CityMorty
82.1%
Olivine CityJasmine
80.4%
Blackthorn CityClair
80.4%
Fuschia City (2nd Gen)Janine
80.4%
Oreburgh CityRoark
80.4%
Cianwood CityChuck
76.8%
City Leader % Correct
Mahogany TownPryce
76.8%
Sootopolis CityWallace
76.8%
Petalburg CityNorman
75%
Pastoria CityCrasher Wake
75%
Rustboro CityRoxanne
73.2%
Lavaridge TownFlannery
73.2%
Dewford TownBrawly
71.4%
Mauville CityWattson
71.4%
Sunyshore CityVolkner
71.4%
Eterna CityGardenia
69.6%
Hearthome CityFantina
69.6%
Fortree CityWinona
66.1%
Snowpoint CityCandice
66.1%
Mossdeep CityTate and Liza
64.3%
Sootopolis City (Emerald)Juan
62.5%
Veilstone CityMaylene
62.5%
Canalave CityByron
58.9%

You're not logged in!

Compare scores with friends on all Sporcle quizzes.
Join for Free
OR
Log In

You Might Also Like...

Show Comments

Extras

Top Quizzes Today


Score Distribution

Your Account Isn't Verified!

In order to create a playlist on Sporcle, you need to verify the email address you used during registration. Go to your Sporcle Settings to finish the process.

Report this User

Report this user for behavior that violates our Community Guidelines.

Details: